Estadísticas para Países por fronteras #2

Haz click aquí para tomar la prueba!

Estadísticas generales

  • Esta prueba ha sido tomada 4.411 veces
    (4.376 desde el último reinicio)
  • La puntuación promedio es 19 de 22

Estadísticas de respuestas

Fronteras terrestresPaís% Correcto
Estados UnidosCanadá
100%
Corea del NorteCorea del Sur
99%
IrlandaReino Unido
95%
Noruega, Suecia, RusiaFinlandia
94%
Francia, Alemania, Luxemburgo,
Países Bajos
Bélgica
92%
Colombia, PerúEcuador
92%
Brasil, Surinam, VenezuelaGuyana
91%
HaitíRepública Dominicana
91%
Timor Oriental, Malasia, Papua
Nueva Guinea
Indonesia
87%
Arabia Saudita, Emiratos Arabes
Unidos, Yemen
Omán
87%
Guatemala, MéxicoBelice
85%
FranciaMónaco
84%
SudáfricaLesoto
83%
Laos, Tailandia, VietnamCamboya
82%
Arabia SauditaCatar
82%
Armenia, Azerbaiyán, Rusia, TurquíaGeorgia
82%
Austria, SuizaLiechtenstein
82%
Israel, SiriaLíbano
80%
Afganistán, China, India, IranPakistán
80%
Yibuti, Etiopía, SudánEritrea
75%
Mozambique, SudáfricaSuazilandia
71%
MalasiaBrunéi
67%

Distribución de puntuación

Porcentaje por número respondido

Porcentaje de gente con cada puntuación

Historial de tus puntuaciones

No has tomado esta prueba desde el último reinicio